|
|
|
|
| LEADER |
01669nam a2200397Ia 4500 |
| 001 |
EBC476183 |
| 003 |
MiAaPQ |
| 005 |
20200520144314.0 |
| 006 |
m o d | |
| 007 |
cr cn||||||||| |
| 008 |
040603s2005 caua sb 001 0 eng d |
| 010 |
|
|
|z 2004050929
|
| 020 |
|
|
|z 0821358170 (pbk.)
|
| 035 |
|
|
|a (MiAaPQ)EBC476183
|
| 035 |
|
|
|a (Au-PeEL)EBL476183
|
| 035 |
|
|
|a (CaPaEBR)ebr10070351
|
| 035 |
|
|
|a (CaONFJC)MIL8543
|
| 035 |
|
|
|a (OCoLC)655239763
|
| 040 |
|
|
|a MiAaPQ
|c MiAaPQ
|d MiAaPQ
|
| 050 |
|
4 |
|a HD7130.5
|b .G55 2005
|
| 082 |
0 |
4 |
|a 368.4/0098
|2 22
|
| 100 |
1 |
|
|a Gill, Indermit Singh,
|d 1961-
|
| 245 |
1 |
0 |
|a Keeping the promise of social security in Latin America
|h [electronic resource] /
|c Indermit S. Gill, Truman Packard, and Juan Yermo ; with the assistance of Todd Pugatch.
|
| 260 |
|
|
|a Palo Alto, Calif. :
|b A copublication of Stanford Economics and Finance, an imprint of Stanford University Press, and the World Bank, Washington, DC,
|c c2005.
|
| 300 |
|
|
|a xxi, 341 p. :
|b ill.
|
| 490 |
1 |
|
|a Latin American development forum series
|
| 504 |
|
|
|a Includes bibliographical references (p. 293-319) and index.
|
| 533 |
|
|
|a Electronic reproduction. Ann Arbor, MI : ProQuest, 2015. Available via World Wide Web. Access may be limited to ProQuest affiliated libraries.
|
| 650 |
|
0 |
|a Social security
|z Latin America.
|
| 650 |
|
0 |
|a Social legislation
|z Latin America.
|
| 655 |
|
4 |
|a Electronic books.
|
| 700 |
1 |
|
|a Packard, Truman.
|
| 700 |
1 |
|
|a Yermo, Juan,
|d 1972-
|
| 710 |
2 |
|
|a ProQuest (Firm)
|
| 830 |
|
0 |
|a Latin American development forum.
|
| 856 |
4 |
0 |
|u https://ebookcentral.proquest.com/lib/matrademy/detail.action?docID=476183
|z Click to View
|